01155nam a2200193Ia 4500001001100000003001000011008004100021040002500062041001600087100002900103245006500132250001100197260006600208300001200274500026200286501011400548520026200662650003700924L255-18173IT-CnALBA170116s9999||||xx |||||||||||||| ||und|| aIT-CnALBAcIT-CnALBA aPOLIGLOTTA  aMARCHESI PADRE VALENTINO 0aFATEBENEFRATELLI. ORDINE OSPEDALIERO DI S. GIOVANNI DI DIO.  a1a ed. a RObFATEBENEFRATELLI UFF. FOR. STUDIO c1966 [1° Ed.: n.d.] a186 p.  aNUMERO DEDICATO ALLA CHIRURGIA. IL MISTERO DELL'UOMO. IL SECOLO DELLA CHIRURGIA. ETIMI E DEFINIZIONI. ANESTESIOLOGIA MODERNA. ALFONSO GIORDANO E LUDOVICO MUCCHI. CHIRURGIA, BISOGNO DI VERITÀ. TECNICA DEI TRAPIANTI. INFERMIERE DI REPARTO DI CHIRURGIA. CHIR aSocietà San Paolo EM - Piazza San Paolo, 14 - 12051 ALBA (CN) (non commercial uses only) ® Copyright 2017 aNUMERO DEDICATO ALLA CHIRURGIA. IL MISTERO DELL'UOMO. IL SECOLO DELLA CHIRURGIA. ETIMI E DEFINIZIONI. ANESTESIOLOGIA MODERNA. ALFONSO GIORDANO E LUDOVICO MUCCHI. CHIRURGIA, BISOGNO DI VERITÀ. TECNICA DEI TRAPIANTI. INFERMIERE DI REPARTO DI CHIRURGIA. CHIR aORDINI E CONGREGAZIONI RELIGIOSE